| Tag |
First Indicator |
Second Indicator |
Subfields |
| LEADER |
00000cam a2200000 4500 |
| 001 |
in00000064253 |
| 005 |
20151008051753.0 |
| 008 |
760419s1922 nyu 00000 eng |
| 010 |
|
|
|a 22003208
|
| 035 |
|
|
|a (OCoLC)02124861
|
| 035 |
|
|
|9 AAG9881AM
|
| 040 |
|
|
|a DLC
|c TOL
|d TXA
|d UtOrBLW
|
| 049 |
|
|
|a TXAM
|c 1 [19987]
|
| 050 |
0 |
0 |
|a LA306.D25
|b D4
|
| 092 |
|
|
|a 371.394
|b D519d
|
| 100 |
1 |
|
|a Dewey, Evelyn.
|
| 245 |
1 |
4 |
|a The Dalton laboratory plan /
|c by Evelyn Dewey...
|
| 264 |
|
1 |
|a New York :
|b E.P. Dutton & co.,
|c [1922]
|
| 264 |
|
4 |
|c [©1922]
|
| 300 |
|
|
|a ix pages, 1 leaf, 173 pages :
|b diagrams ;
|c 20 cm.
|
| 336 |
|
|
|a text
|b txt
|2 rdacontent
|
| 337 |
|
|
|a unmediated
|b n
|2 rdamedia
|
| 338 |
|
|
|a volume
|b nc
|2 rdacarrier
|
| 650 |
2 |
0 |
|a Dalton laboratory plan.
|
| 999 |
|
|
|a MARS
|
| 999 |
f |
f |
|s 2235df34-00b5-36af-8ab8-5d9bdf359999
|i 12e7d2f0-2456-3d2d-ada9-afaea71fb912
|t 0
|
| 952 |
f |
f |
|p normal
|a Texas A&M University
|b College Station
|c Sterling C. Evans Library
|d Evans: Library Stacks
|t 0
|e LA306.D25 D4
|h Library of Congress classification
|i unmediated -- volume
|m A14800837284
|
| 998 |
f |
f |
|a LA306.D25 D4
|t 0
|l Evans: Library Stacks
|